| 000 | 00648nam a22002297a 4500 | ||
|---|---|---|---|
| 003 | UA-OsUOA | ||
| 001 | 94599 | ||
| 007 | ta | ||
| 008 | 20130214b un ||||| |||| 00| 0 ukr d | ||
| 100 | _aДудинцев М. | ||
| 090 |
_a821.161.1 _bД81 |
||
| 942 | _cBK | ||
| 040 |
_aUA-OsUOA _brus _cUA-OsUOA _dUA-OsUOA |
||
| 245 |
_aПоля притяжения _bпроза о поэзии |
||
| 300 | _a397 с. | ||
| 955 | _a2 | ||
| 041 | _arus | ||
| 080 | _a821.161.1 | ||
| 260 |
_aЛенинград _bСоветский писатель _c1984 |
||
| 650 | 7 |
_a82 Література. Літературознавство _2UDC |
|
| 999 |
_c380845 _d380845 |
||